000 00998nas a2200265 4500
001 BR9211719
003 BR-BrBNA
005 20231205093519.0
007 ta
008 230509b bl.|||p| |||| 00| 00por d
040 _aBR-BrBNA
_bpor
_cBiblioteca Nacional de Agricultura
041 _a(Pt)
072 _aH10
100 1 _aFernandes, W.D.
100 1 _aHabib, M.E.M.
245 1 _aFlutuacao populacional de Pectinophora gossypiella (Saunders, 1843)(Lepidoptera, Gelechiidae)em lavoura de algodao submetida ao controle quimico convencional
246 1 _a[Population density of Pectinophora gossypiella (Saunders, 1843)(Lepidoptera, Gelechiidae)in cotton farming submitted a conventional chemical control]
650 _aALGODAO
650 _aLEPIDOPTERO
650 _aINSETICIDA
650 _aCONTROLE QUIMICO
773 0 _tRevista de Agricultura (Brazil)
_xISSN 0034-7655
_g(Jun 1992), v. 67(1) p. 67-75
_wBR9211719
909 _a202311
_bLúcia
_c55
_dLúcia Elande
942 _2AGRIS
_n0
_cANA
999 _c138916
_d138916